<?xml version="1.0" encoding="UTF-8"?>
<record
    xmlns:xsi="http://www.w3.org/2001/XMLSchema-instance"
    xsi:schemaLocation="http://www.loc.gov/MARC21/slim http://www.loc.gov/standards/marcxml/schema/MARC21slim.xsd"
    xmlns="http://www.loc.gov/MARC21/slim">

  <leader>01367nam a2200241 a 4500</leader>
  <controlfield tag="008">150723t2005    mx a   f      001 0 spa d</controlfield>
  <datafield tag="020" ind1=" " ind2=" ">
    <subfield code="a">970-15-1069-0</subfield>
  </datafield>
  <datafield tag="050" ind1=" " ind2=" ">
    <subfield code="a">QA76.9D26 V55 2005</subfield>
  </datafield>
  <datafield tag="100" ind1="1" ind2="0">
    <subfield code="a">VILLAPECELLIN, Cid, Manuel Mar&#xED;a.</subfield>
    <subfield code="d">,autor</subfield>
  </datafield>
  <datafield tag="245" ind1="1" ind2="0">
    <subfield code="a">Desarrollo de aplicaciones en entornos de cuarta generaci&#xF3;n y con herramientas CASE.</subfield>
    <subfield code="c">./ Manuel Mar&#xED;a, Villapecell&#xED;n Cid.</subfield>
  </datafield>
  <datafield tag="260" ind1=" " ind2=" ">
    <subfield code="a">M&#xE9;xico:</subfield>
    <subfield code="b">,Alfaomega;Ra-Ma</subfield>
    <subfield code="c">,c2005</subfield>
  </datafield>
  <datafield tag="300" ind1=" " ind2=" ">
    <subfield code="a">563paginas</subfield>
    <subfield code="b"> il;</subfield>
    <subfield code="c">23cm.</subfield>
  </datafield>
  <datafield tag="337" ind1=" " ind2=" ">
    <subfield code="a">Texto</subfield>
  </datafield>
  <datafield tag="338" ind1=" " ind2=" ">
    <subfield code="a">Sin medio</subfield>
  </datafield>
  <datafield tag="339" ind1=" " ind2=" ">
    <subfield code="a">Volumen</subfield>
  </datafield>
  <datafield tag="500" ind1=" " ind2=" ">
    <subfield code="a">Licenciatura de informatica B&#xE1;sica / Lenguajes de alto nivel  P17 - L4 (12 003906)</subfield>
  </datafield>
  <datafield tag="502" ind1=" " ind2=" ">
    <subfield code="a">Contiene Indice alfab&#xE9;tico
Contiene Bibliografia
</subfield>
  </datafield>
  <datafield tag="505" ind1=" " ind2=" ">
    <subfield code="a">Tabla de Contenidos:
1. ORACLE 8/: INSTALACION Y ASPECTOS BASICOS DE ADMINISTRACION
2. DEFINICION E INSERCION DE DATOS
3. DEFINICION DE DATOS CON HERRAMIENTAS CASE
4. CONSULTA, ELIMINACION Y ACTUALIZACION DE DATOS
5. NOCIENES DE ALGEBRA Y CALCULO RELACIONALES
6. PL/SQL
7. PROGRAMACION ORIENTADA A OBJETOS EN PL/SQL
8. OBJETOS GRANDES EN PL/SQL
9. NET8
10. ORACLE FORMS DEVELOPER
11. ORACLE REPORTS DEVELOPER

AP&#xC9;NDICE A: ORACLAJE  10G
APETENCIA B: SQL: 1999
Indice Alfab&#xE9;tico </subfield>
  </datafield>
  <datafield tag="650" ind1=" " ind2=" ">
    <subfield code="a">Dise&#xF1;o de bases de datos</subfield>
  </datafield>
  <datafield tag="650" ind1=" " ind2=" ">
    <subfield code="a">Oracle (Programa para computadora)</subfield>
  </datafield>
  <datafield tag="700" ind1="1" ind2="0">
    <subfield code="a">Raya Cabrera, Jos&#xE9; Luis, </subfield>
    <subfield code="b">editor</subfield>
  </datafield>
  <datafield tag="942" ind1=" " ind2=" ">
    <subfield code="2">lcc</subfield>
    <subfield code="c">LB</subfield>
  </datafield>
  <datafield tag="952" ind1=" " ind2=" ">
    <subfield code="0">0</subfield>
    <subfield code="1">0</subfield>
    <subfield code="2">lcc</subfield>
    <subfield code="4">0</subfield>
    <subfield code="7">0</subfield>
    <subfield code="a">12</subfield>
    <subfield code="b">12</subfield>
    <subfield code="d">2015-07-23</subfield>
    <subfield code="l">0</subfield>
    <subfield code="o">QA76.9D26 V55 2005</subfield>
    <subfield code="p">12 003906</subfield>
    <subfield code="r">2015-04-22</subfield>
    <subfield code="t">1</subfield>
    <subfield code="w">2012-11-01</subfield>
    <subfield code="y">LB</subfield>
  </datafield>
  <datafield tag="999" ind1=" " ind2=" ">
    <subfield code="c">88624</subfield>
    <subfield code="d">88624</subfield>
  </datafield>
</record>
